000 00764nam a2200253 i 4500
001 C2-0288373
003 PPAK
005 20180728021508.0
008 080511s2001 nyu |||| ||||| | eng d
020 _a9780060935740
040 _aPPAK
_beng
_cPPAK
_erda
082 0 4 _a658
_223
090 0 0 _a658
_bDRU
_dKMI
090 0 0 _a658
_bDRU
_dLCK
100 1 _aDrucker, Peter F.,
_eauthor
245 1 4 _aThe essential Drucker :
_bthe best of sixty years of Peter Drucker's essential writings on management
264 1 _aNew York :
_bHarper Collins Publishers, Inc. ,
_c2001
300 _avi, 358 pages ;
_c20 cm
336 _2rdacontent
_atext
337 _2rdamedia
_aunmediated
338 _2rdacarrier
_avolume
650 1 0 _aSuccess in business.
942 _ddc
_cB
999 _c94000
_d94000